American Weapons of WWII - Statistics

General Stats
  • This quiz has been taken 301 times
  • The average score is 8 of 20
Answer Stats
Hint Answer % Correct
SMG Thompson M1/A1
88%
Rifle M1 Garand
84%
Pistol Colt M1911A1
82%
SMG M3/A1 Grease Gun
67%
Anti-Tank Rocket Launcher M1/M1A1/M9 Bazooka
62%
Rifle M1903 Springfield
60%
Machine Gun M2 Browning
60%
Machine Gun Browning Automatic Rifle
55%
Rifle M1/A1 Carbine
51%
Machine Gun M1919 Browning Machine Gun
37%
Anti-Tank M18 Recoilless Rifle
30%
Shotgun Winchester M1897 Trench Gun
23%
Rifle M1941 Johnson
20%
Machine Gun M1917 Browning Machine Gun
18%
SMG M50/55 Reising
14%
Grenade Mk.2 Fragmentation Grenade
14%
Shotgun Winchester Model 12
12%
Flamethrower M2-A1 Flamethrower
11%
Shotgun Browning Auto-5
7%
Shotgun Ithaca 37
6%
No matching quizzes found
Score Distribution
Percent of People with Each Score
Percentile by Number Answered
Your Score History
You have not taken this quiz